[Event "Stare Mesto op-B"]
[Site "Stare Mesto"]
[Date "2023.08.09"]
[Round "5"]
[White "Neoral, Jiri"]
[Black "Kobersky, Matyas"]
[Result "0-1"]
[WhiteElo "1000"]
[BlackElo "1000"]
[PlyCount "84"]
[EventDate "2023.08.05"]
[EventType "swiss"]
[EventRounds "9"]
[EventCountry "CZE"]
[SourceTitle "EXT 2024"]
[Source "ChessBase"]
[SourceDate "2023.10.10"]
[SourceVersion "1"]
[SourceVersionDate "2023.10.10"]
[SourceQuality "1"]

1. e4 d6 2. d4 Nf6 3. Nc3 g6 4. Bb5+ c6 5. Ba4 b5 6. e5 dxe5 7. dxe5 Qxd1+ 8. Nxd1 Ne4 9. Bb3 Bg7 10. Nf3 c5 11. Bd5 Bd7 12. Bxa8 Nc6 13. 0-0 0-0 14. Ne3 Rxa8 15. Nd5 e6 16. Nc7 Rc8 17. Nxb5 Nxe5 18. Nxa7 Rc7 19. Bf4 Nxf3+ 20. gxf3 e5 21. Rad1 exf4 22. fxe4 Rxa7 23. Rd5 Be6 24. Rxc5 Rxa2 25. Rd1 f3 26. b4 Bf8 27. Rb5 Rb2 28. c3 Bb3 29. Re1 Re2 30. Ra1 Rxe4 31. h4 Rg4+ 32. Kf1 Bc4+ 33. Ke1 Bxb5 34. Rc1 Rg1+ 35. Kd2 Bh6+ 36. Kc2 Ba4+ 37. Kb2 Bxc1+ 38. Kb1 Bd2+ 39. Kb2 Be1 40. Ka3 Bb5 41. c4 Bxc4 42. b5 Bxf2 0-1